A SMART methodology for value management (Record no. 90930)
[ view plain ]
| 000 -LEADER | |
|---|---|
| fixed length control field | 00868cam a2200253 4500 |
| 008 - FIXED-LENGTH DATA ELEMENTS--GENERAL INFORMATION | |
| fixed length control field | 090401t1992 xxu||||| |||| 00| 0 eng d |
| 020 ## - INTERNATIONAL STANDARD BOOK NUMBER | |
| International Standard Book Number | 1853800554 |
| 035 ## - SYSTEM CONTROL NUMBER | |
| System control number | (Sirsi) u41416 |
| 041 ## - LANGUAGE CODE | |
| Language code of text/sound track or separate title | eng |
| 050 ## - LIBRARY OF CONGRESS CALL NUMBER | |
| Classification number | 658.1552 |
| -- | 18 |
| 100 ## - MAIN ENTRY--PERSONAL NAME | |
| Personal name | Green, Stuart D. |
| 245 #2 - TITLE STATEMENT | |
| Title | A SMART methodology for value management |
| 260 ## - PUBLICATION, DISTRIBUTION, ETC. | |
| Place of publication, distribution, etc. | Ascot |
| Name of publisher, distributor, etc. | CIOB |
| Date of publication, distribution, etc. | 1992 |
| 300 ## - PHYSICAL DESCRIPTION | |
| Extent | v, 46p. |
| Dimensions | 30cm. |
| 350 ## - PRICE (NR) (BK AM CF MU VM SE) [OBSOLETE] | |
| Price | 14 |
| 490 ## - SERIES STATEMENT | |
| Series statement | CIOB Occasional Paper |
| Volume/sequential designation | 53 |
| 520 ## - SUMMARY, ETC. | |
| Summary, etc. | Considers the application of value management during the briefing and outline design stages of developments. Recommends a simplified approach to decision modelling known as Simple Multi-Attribute Rating Techniques (SMART). |
| 650 ## - SUBJECT ADDED ENTRY--TOPICAL TERM | |
| Topical term or geographic name entry element | BUILT ENVIRONMENT-CONSTRUCTION DESIGN |
| 650 ## - SUBJECT ADDED ENTRY--TOPICAL TERM | |
| Topical term or geographic name entry element | DECISION MODELS |
| 650 ## - SUBJECT ADDED ENTRY--TOPICAL TERM | |
| Topical term or geographic name entry element | VALUE MANAGEMENT |
| 690 ## - LOCAL SUBJECT ADDED ENTRY--TOPICAL TERM (OCLC, RLIN) | |
| Topical term or geographic name as entry element | BUILT ENVIRONMENT |
| 942 ## - ADDED ENTRY ELEMENTS (KOHA) | |
| Suppress in OPAC | 0 |
| 948 ## - LOCAL PROCESSING INFORMATION (OCLC); SERIES PART DESIGNATOR (RLIN) | |
| c (OCLC) | 04/03/1997 |
| Withdrawn status | Lost status | Source of classification or shelving scheme | Damaged status | Not for loan | Home library | Current library | Shelving location | Date acquired | Cost, normal purchase price | Total Checkouts | Full call number | Barcode | Date last seen | Date last checked out | Copy number | Cost, replacement price | Price effective from | Koha item type |
|---|---|---|---|---|---|---|---|---|---|---|---|---|---|---|---|---|---|---|
| Dewey Decimal Classification | London | London | Folio | 18/11/1992 | 14.00 | 19 | F658.1552 | 30037504 | 06/08/2019 | 20/08/2009 | 1 | 14.00 | 06/08/2019 | Book |